| Tag |
First Indicator |
Second Indicator |
Subfields |
| LEADER |
00000cam a2200000 4500 |
| 001 |
in00000039944 |
| 005 |
20151007070436.0 |
| 008 |
730205s1964 nyuab b 00000 eng |
| 010 |
|
|
|a 63023125
|
| 035 |
|
|
|a (OCoLC)00551937
|
| 035 |
|
|
|9 AAE4025AM
|
| 040 |
|
|
|a DLC
|c KSU
|d TXA
|d UtOrBLW
|
| 049 |
|
|
|a TXAM
|c [368702]
|
| 050 |
0 |
0 |
|a TN490.T5
|b S53
|
| 092 |
|
|
|a 553.499
|b S616m, 1964
|
| 100 |
1 |
|
|a Sindeeva, Nina Dmitrievna.
|
| 245 |
1 |
0 |
|a Mineralogy and types of deposits of selenium and tellurium.
|
| 264 |
|
1 |
|a New York :
|b Interscience Publishers,
|c [1964]
|
| 300 |
|
|
|a 363 pages :
|b illustrations ;
|c 24 cm.
|
| 336 |
|
|
|a text
|b txt
|2 rdacontent
|
| 337 |
|
|
|a unmediated
|b n
|2 rdamedia
|
| 338 |
|
|
|a volume
|b nc
|2 rdacarrier
|
| 504 |
|
|
|a Bibliography: pages 335-347.
|
| 650 |
|
0 |
|a Tellurium.
|
| 650 |
|
0 |
|a Selenium.
|
| 999 |
|
|
|a MARS
|
| 999 |
f |
f |
|s d0d2f188-0b57-3e31-8c3b-19148572220f
|i 965dddcb-5aae-3cae-a3ba-b18769ee32bd
|t 0
|
| 952 |
f |
f |
|p ric
|a Texas A&M University
|b Rellis Campus
|c Joint Library Facility
|d Remote Storage
|t 0
|e TN490.T5 S53
|h Library of Congress classification
|i unmediated -- volume
|m A14800959094
|
| 998 |
f |
f |
|a TN490.T5 S53
|t 0
|l Remote Storage
|